TRIBUNAL CONSCIENTIAE SELECTIORES CASUS PROPONENS, RATIONIBUS UTRINQUE DISCUTIENS, ATQUE TUTIORIBUS SENTENTIIS DEFINIENS. In quatuor Partes divisum. PARS PRIMA /

Hlavní autor: Moretti, Pietro Maria, 1573-1646
Další autoři: Antistitius, Samuel, Vöhlin von Frickenhausen, Johann Gotthard, 18. stol.
Jazyk: Latina
Vydáno: Augustae Vindelicorum : Sumptibus Philippi, & Martini Veith, Fratrum, 1727
Vydání: EDITIO PRIMA IN GERMANIA
Témata:
Externí odkaz: Titulní list
Fyzický popis: [32], 436, [12] s.; 8°
Knihy
Uloženo v:
LEADER 02453nam a2200505 a 4500
001 mzk03001196741
003 CZ BrMZK
005 20140213072239.0
007 ta
008 140212s1727 gw f |||| 0 lat d
040 |a BOA001  |b cze 
072 7 |a 27-4  |x Praktická teologie. Morální teologie  |2 Konspekt  |9 5 
072 7 |a 094  |x Staré tisky  |2 Konspekt  |9 12 
080 |a 27-42  |2 MRF 
080 |a 27-423.35  |2 MRF 
080 |a 025.171  |2 MRF 
080 |a (0.068)094  |2 MRF 
100 1 |a Moretti, Pietro Maria,  |d 1573-1646  |7 ola2012693241  |4 aut 
245 1 0 |a TRIBUNAL CONSCIENTIAE SELECTIORES CASUS PROPONENS, RATIONIBUS UTRINQUE DISCUTIENS, ATQUE TUTIORIBUS SENTENTIIS DEFINIENS. In quatuor Partes divisum.  |n PARS PRIMA /  |c PETRI MARIAE MORETTI Ph. S. Theol. atque J.U. Doct. Sanctae Venetae Inquisitionis Promotoris Fiscalis Ecclesiae Parochialis, Et Collegiatae D. SAMUELIS ANTISTITIS, Patriarchali authoritate ejusdem Congregationis Casuum Praesidentis. EDITIO PRIMA IN GERMANIA 
250 |a EDITIO PRIMA IN GERMANIA 
260 |a Augustae Vindelicorum :  |b Sumptibus Philippi, & Martini Veith, Fratrum,  |c 1727 
300 |a [32], 436, [12] s.;  |c 8° 
500 |a Výzdoba: Titulní list tištěn červeně a černě, vlysy a linky z typografických ozdůbek, iniciály, viněty, tištěný předtitul 
561 |a Provenience: Exlibris se studujícím mnichem 
561 |a Provenience: [m.p.] Monasterij Rayhradensi. Ord.S. S. Benedicti comparavit P. Thaddaeus ejus Ordin. loci pr. 1732 
563 |a Pergamenová vazba Rajhrad, rámce, dvě kovové spony, modrá ořízka 
650 7 |a morální teologie  |7 ph115355  |2 czenas 
650 7 |a svědomí  |7 ph126318  |2 czenas 
650 7 |a historické knihovní fondy  |7 ph172933  |2 czenas 
655 7 |a staré tisky  |7 fd422076  |2 czenas 
700 1 |a Antistitius, Samuel  |4 aut 
700 1 |a Vöhlin von Frickenhausen, Johann Gotthard,  |d 18. stol.  |4 hnr 
856 4 1 |u https://imageserver.mzk.cz/mzk03/001/196/741/328100214047.titul.jp2  |y Titulní list 
903 |a RP 
910 |e BOE950  |c R - K. I. e. 36 
978 |b Veith, Philipp Jakob  |a Augsburg  |c 1727 
978 |b Veith, Martin  |a Augsburg  |c 1727 
981 1 |a Khinell, Thadaeus,  |d 1699-1753  |8 1732 
982 0 |a Rajhrad - benediktinský klášter  |8 1732 
984 |a Augsburg  |b Německo 
985 |a 1701-1750 
990 |a BK 
996 |e BOE950  |c R - K. I. e. 36 
980 |c 214047  |g R - K. I. e. 36  |1 328100214047  |p N.2149 
991 |k rajhrad